Stratégia medzinárodného podnikania prípadové štúdie

Gespeichert in:
Bibliographische Detailangaben
1. Verfasser: Ferenčíková, Soňa, 1960-
Körperschaft: Ekonomická univerzita v Bratislave. Obchodná fakulta
Weitere Verfasser: Chovanec, Rastislav, Vážan, Marek
Format: Buch
Sprache:Slowakisch
Englisch
Veröffentlicht: Bratislava Vydavateľstvo EKONÓM 2004
Schlagworte:
Tags: Tag hinzufügen
Keine Tags, Fügen Sie das erste Tag hinzu!

MARC

LEADER 00000nam$a2200000$$$4500
001 0019831
005 20240502071409.8
020 |a 80-225-1892-1 
041 0 |a slo 
041 0 |a eng 
044 |a SK 
245 1 0 |a Stratégia medzinárodného podnikania  |b prípadové štúdie  |c Soňa Ferenčíková, Rastislav Chovanec, Marek Vážan 
264 1 |a Bratislava  |b Vydavateľstvo EKONÓM  |c 2004 
300 |a 225 s. 
610 2 0 |a podnikanie medzinárodné 
610 2 0 |a štúdie prípadové 
610 2 0 |a joint ventures 
610 2 0 |a podnik spoločný 
610 2 0 |a riadenie 
100 1 |a Ferenčíková, Soňa, 1960- 
700 1 |a Chovanec, Rastislav 
700 1 |a Vážan, Marek 
710 2 |a Ekonomická univerzita v Bratislave. Obchodná fakulta